Statistics for Wales Quiz

Click here to take the quiz!

General Stats

  • This quiz has been taken 2,042 times
  • The average score is 12 of 15

Answer Stats

HintAnswer% Correct
Capital CityCardiff
99%
National Mythical CreatureDragon
95%
National ColourRed
94%
National SportRugby
94%
Welsh Word For WalesCymru
92%
Famous Root Vegetable Associated With WalesLeek
90%
Famous Mined SubstanceCoal
87%
Highest MountainSnowdon
87%
National FlowerDaffodil
86%
Patron Saint of WalesSaint David
81%
National StadiumMillennium Stadium
77%
National AnimalSheep
73%
Largest IslandAnglesey
69%
Largest CountyPowys
60%
Largest RiverSevern
56%

Score Distribution

Percentile by Number Answered

Percent of People with Each Score

Your Score History

You have not taken this quiz